Benavente, fin de siglo / (Record no. 142408)

MARC details
000 -LEADER
campo de control de longitud fija 00654nam a2200205 i 4500
001 - NÚMERO DE CONTROL
campo de control 142408
003 - IDENTIFICADOR DE NÚMERO DE CONTROL
campo de control ES-MaACL
005 - FECHA Y HORA DE LA ÚLTIMA TRANSACCIÓN
campo de control 20260129170032.0
007 - CAMPO FIJO DE DESCRIPCIÓN FÍSICA--INFORMACIÓN GENERAL
campo de control de longitud fija t|
008 - DATOS DE LONGITUD FIJA--INFORMACIÓN GENERAL
campo de control de longitud fija 071005s1952 sp 000 0dspa d
100 1# - ENTRADA PRINCIPAL--NOMBRE DE PERSONA
Nombre de persona Vila Selma, José.
9 (RLIN) 114738
245 10 - MENCIÓN DEL TÍTULO
Título Benavente, fin de siglo /
Mención de responsabilidad, etc. José Vila Selma.
260 ## - PUBLICACIÓN, DISTRIBUCIÓN, ETC.
Lugar de publicación, distribución, etc. Madrid :
Nombre del editor, distribuidor, etc. Rialp,
Fecha de publicación, distribución, etc. 1952.
300 ## - DESCRIPCIÓN FÍSICA
Extensión 298 p. ;
Dimensiones 19 cm.
490 1# - MENCIÓN DE SERIE
Mención de serie Biblioteca del pensamiento actual ;
Designación de volumen o secuencia 16
600 17 - PUNTO DE ACCESO ADICIONAL DE MATERIA--NOMBRE DE PERSONA
Nombre de persona Benavente, Jacinto,
Fechas asociadas al nombre 1866-1954-
Subdivisión general Crítica e interpretación
Fuente del encabezamiento o término
9 (RLIN) 169710
830 1# - PUNTO DE ACCESO ADICIONAL DE SERIE-TÍTULO UNIFORME
Título uniforme Biblioteca del pensamiento actual
Designación de volumen o secuencia 16
9 (RLIN) 181187
852 ## - LOCALIZACIÓN
Ubicación ES-MaACL
Número de control de estantería D-7422
Holdings
Estatus retirado Estado de pérdida Estado de daño No para préstamo Biblioteca de origen Biblioteca actual Ubicación en estantería Fecha de adquisición Fuente de adquisición Total de préstamos Signatura topográfica completa Código de barras Visto por última vez Precio de reemplazo Tipo de ítem Koha
        Biblioteca del Ateneo de Madrid Biblioteca del Ateneo de Madrid Sala Valle Inclán 17/01/2008     D-7422 901148175 23/02/2023 23/02/2023 Libro impreso